[Event "CZE-chT2c 0506"]
[Site "Czech Republic"]
[Date "2006.02.12"]
[Round "7.5"]
[White "Vitak, Pavel"]
[Black "Silar, Lubomir"]
[Result "1/2-1/2"]
[WhiteElo "2194"]
[BlackElo "2127"]
[PlyCount "145"]
[EventDate "2005.10.16"]
[EventType "team"]
[EventRounds "11"]
[EventCountry "CZE"]
[SourceTitle "EXT 2009"]
[Source "ChessBase"]
[SourceDate "2008.11.26"]
[SourceVersion "1"]
[SourceVersionDate "2008.11.26"]
[SourceQuality "1"]
[WhiteTeam "Praha Pankrac II"]
[BlackTeam "Synthesia II"]
[WhiteTeamCountry "CZE"]
[BlackTeamCountry "CZE"]

1. e4 c5 2. Nf3 Nc6 3. Nc3 d6 4. d4 cxd4 5. Nxd4 Nf6 6. Bc4 e6 7. 0-0 Be7 8. Re1 Nxd4 9. Qxd4 0-0 10. Bg5 a6 11. Rad1 Qc7 12. Bb3 Rd8 13. Na4 b5 14. Nb6 Rb8 15. Nxc8 Rbxc8 16. a4 Ne8 17. Bxe7 Qxe7 18. axb5 axb5 19. Ra1 Ra8 20. Rxa8 Rxa8 21. Qb6 Qg5 22. Qb7 Qd2 23. Kf1 Qa5 24. Rd1 Kf8 25. Rd3 Ra7 26. Qb8 Qa6 27. Qd8 Qa1+ 28. Ke2 Qxb2 29. Qb8 Rd7 30. Qxb5 Rc7 31. Rd2 Rc5 32. Qb8 Qe5 33. f3 Rb5 34. Qc8 Qxh2 35. Ba4 Qxg2+ 36. Ke3 Qg5+ 37. Ke2 Qc5 38. Qa8 Ke7 39. Bxb5 Qxb5+ 40. Ke1 Qc5 41. Qb7+ Kf8 42. Qb3 Qg1+ 43. Ke2 h5 44. Qe3 Qg3 45. Rd1 Qe5 46. Rg1 Qb5+ 47. Kf2 Qc4 48. c3 g6 49. Ra1 Kg7 50. Ra8 Nf6 51. Qd4 Qxd4+ 52. cxd4 d5 53. e5 Ng8 54. f4 Ne7 55. Kf3 Nf5 56. Ra4 Kh6 57. Rb4 g5 58. fxg5+ Kxg5 59. Ra4 h4 60. Rb4 h3 61. Rb7 Nxd4+ 62. Kg3 Kg6 63. Rb2 Nc6 64. Kf4 Nxe5 65. Kxe5 Kg5 66. Rf2 Kg4 67. Rxf7 h2 68. Rf1 Kg3 69. Kxe6 Kg2 70. Rd1 d4 71. Ke5 h1Q 72. Rxh1 Kxh1 73. Kxd4 1/2-1/2

[Event "CZE-chT2c 0405"]
[Site "Czech Republic"]
[Date "2005.03.20"]
[Round "10.5"]
[White "Silar, Lubomir"]
[Black "Nun, Josef"]
[Result "1/2-1/2"]
[WhiteElo "2123"]
[BlackElo "2325"]
[PlyCount "87"]
[EventDate "2004.10.17"]
[EventType "team"]
[EventRounds "11"]
[EventCountry "CZE"]
[SourceTitle "EXT 2007"]
[Source "ChessBase"]
[SourceDate "2006.11.23"]
[SourceVersion "1"]
[SourceVersionDate "2006.11.23"]
[SourceQuality "1"]
[WhiteTeam "Synthesia II"]
[BlackTeam "Hradec Kralove II"]
[WhiteTeamCountry "CZE"]
[BlackTeamCountry "CZE"]

1. d4 Nf6 2. Nf3 c5 3. d5 e6 4. dxe6 fxe6 5. g3 d5 6. Bg2 Nc6 7. 0-0 Bd6 8. c4 d4 9. Ng5 0-0 10. Nd2 e5 11. Nde4 Bf5 12. Nxf6+ gxf6 13. Bd5+ Kg7 14. Ne6+ Bxe6 15. Bxe6 Qe7 16. Bf5 Qf7 17. Qd2 Qh5 18. Qd3 Ne7 19. g4 Qh4 20. Qg3 Nxf5 21. gxf5+ Qxg3+ 22. hxg3 e4 23. Kg2 Rae8 24. Rh1 Rf7 25. Bh6+ Kg8 26. Rh4 Rd7 27. Rah1 Re5 28. Rg4+ Kh8 29. Rhh4 Rxf5 30. Rxe4 Re5 31. Rxe5 Bxe5 32. Re4 Kg8 33. f4 Bd6 34. g4 Kf7 35. f5 Be5 36. Bf4 Bxf4 37. Rxf4 Re7 38. Kf2 Kg7 39. b4 b6 40. bxc5 bxc5 41. Rf3 Kh6 42. Ra3 Kg5 43. Ra6 Rc7 44. Kf3 1/2-1/2

[Event "CZE-chT2c 0405"]
[Site "Czech Republic"]
[Date "2005.02.20"]
[Round "8.4"]
[White "Silar, Lubomir"]
[Black "Keller, Daniel"]
[Result "1/2-1/2"]
[WhiteElo "2123"]
[BlackElo "2123"]
[PlyCount "84"]
[EventDate "2004.10.17"]
[EventType "team"]
[EventRounds "11"]
[EventCountry "CZE"]
[SourceTitle "EXT 2007"]
[Source "ChessBase"]
[SourceDate "2006.11.23"]
[SourceVersion "1"]
[SourceVersionDate "2006.11.23"]
[SourceQuality "1"]
[WhiteTeam "Synthesia II"]
[BlackTeam "Kutna Hora"]
[WhiteTeamCountry "CZE"]
[BlackTeamCountry "CZE"]

1. d4 d6 2. c4 e5 3. e3 c6 4. Nc3 Nf6 5. Bd3 Be7 6. Nf3 Qc7 7. h3 0-0 8. Qc2 Na6 9. a3 Re8 10. 0-0 Bf8 11. b4 b6 12. dxe5 dxe5 13. Ne4 Nxe4 14. Bxe4 g6 15. g4 Bb7 16. Bb2 Bg7 17. Rfd1 f6 18. Rd2 Rad8 19. Rad1 Rxd2 20. Rxd2 Rd8 21. Qd1 Rxd2 22. Qxd2 Bc8 23. Qd3 Qd7 24. Qxd7 Bxd7 25. Bd3 g5 26. Nd2 h5 27. f3 hxg4 28. hxg4 Kf7 29. c5 b5 30. Ne4 Bf8 31. Kf2 Be7 32. Ng3 Nc7 33. Nf5 Nd5 34. Bc1 a6 35. Bd2 Bf8 36. Be4 Be6 37. Kg3 Ke8 38. f4 gxf4+ 39. exf4 Bxf5 40. gxf5 Bh6 41. Bxd5 cxd5 42. Kf3 Bxf4 1/2-1/2

[Event "CZE-chT2V 0203"]
[Site "Czech Republic"]
[Date "2003.??.??"]
[Round "6"]
[White "Fikr, Lukas"]
[Black "Silar, Lubomir"]
[Result "0-1"]
[WhiteElo "1864"]
[BlackElo "2128"]
[PlyCount "100"]
[EventDate "2002.10.??"]
[EventType "team"]
[EventRounds "11"]
[EventCountry "CZE"]
[SourceTitle "EXT 2007"]
[Source "ChessBase"]
[SourceDate "2006.11.23"]
[SourceVersion "1"]
[SourceVersionDate "2006.11.23"]
[SourceQuality "1"]
[WhiteTeam "Horice"]
[BlackTeam "Synthesia II"]
[WhiteTeamCountry "CZE"]
[BlackTeamCountry "CZE"]

1. Nf3 d5 2. g3 Nf6 3. Bg2 Nc6 4. d4 g6 5. 0-0 Bg7 6. c4 e6 7. Nc3 0-0 8. Bf4 dxc4 9. Qa4 Nd5 10. Bg5 f6 11. Bf4 Nxf4 12. gxf4 Nxd4 13. Rfd1 Nxf3+ 14. Bxf3 Qe7 15. Qxc4 c6 16. Ne4 f5 17. Qc5 Qh4 18. Nd6 Qxf4 19. Nxc8 Rfxc8 20. Rd7 Bf8 21. Qc3 Rc7 22. Rad1 Rxd7 23. Rxd7 Qg5+ 24. Kf1 Rd8 25. Rxd8 Qxd8 26. Qb3 Qe7 27. Qc4 g5 28. h3 Qd6 29. e4 fxe4 30. Bxe4 Bg7 31. Qe2 h6 32. b3 Kf7 33. Qf3+ Ke7 34. Bg6 Bf6 35. Qh5 Qf4 36. Qxh6 Bd4 37. Qh7+ Kd6 38. Qf7 Qd2 39. Qf8+ Kc7 40. Bh5 a5 41. Be2 e5 42. a4 Kb6 43. Qf3 Ka7 44. Bc4 e4 45. Qe2 Qf4 46. Qe1 Kb6 47. Kg2 Qf3+ 48. Kg1 Qg3+ 49. Kh1 Qxh3+ 50. Kg1 e3 0-1

[Event "CZE-chT2V 0203"]
[Site "Czech Republic"]
[Date "2003.??.??"]
[Round "7"]
[White "Pokorny, Milan"]
[Black "Silar, Lubomir"]
[Result "1/2-1/2"]
[WhiteElo "2091"]
[BlackElo "2128"]
[PlyCount "72"]
[EventDate "2002.10.??"]
[EventType "team"]
[EventRounds "11"]
[EventCountry "CZE"]
[SourceTitle "EXT 2007"]
[Source "ChessBase"]
[SourceDate "2006.11.23"]
[SourceVersion "1"]
[SourceVersionDate "2006.11.23"]
[SourceQuality "1"]
[WhiteTeam "Bohemians II"]
[BlackTeam "Synthesia II"]
[WhiteTeamCountry "CZE"]
[BlackTeamCountry "CZE"]

1. e4 c5 2. Nf3 Nc6 3. d4 cxd4 4. Nxd4 e5 5. Nb5 a6 6. Nd6+ Bxd6 7. Qxd6 Qf6 8. Qxf6 Nxf6 9. Nc3 Nb4 10. Kd2 d5 11. a3 d4 12. axb4 dxc3+ 13. Ke3 cxb2 14. Bxb2 0-0 15. Bc4 Re8 16. Rhd1 Be6 17. Bxe6 Rxe6 18. f3 Rc8 19. Rd2 Ne8 20. Rad1 f6 21. c3 Kf7 22. Rd7+ Re7 23. Rd8 Rxd8 24. Rxd8 Rc7 25. Kd3 b5 26. Bc1 Rc6 27. Kc2 Ke7 28. Ra8 Nc7 29. Rh8 h6 30. Be3 Ne6 31. Rb8 Kd7 32. h4 Rc8 33. Rb6 Rc6 34. Rb7+ Rc7 35. Rb8 Rc8 36. Rb6 Rc6 1/2-1/2

[Event "CZE-chT2V 0203"]
[Site "Czech Republic"]
[Date "2002.??.??"]
[Round "6"]
[White "Hoffmann, Matej"]
[Black "Silar, Lubomir"]
[Result "0-1"]
[WhiteElo "2124"]
[BlackElo "2128"]
[PlyCount "150"]
[EventDate "2002.10.??"]
[EventType "team"]
[EventRounds "11"]
[EventCountry "CZE"]
[SourceTitle "EXT 2007"]
[Source "ChessBase"]
[SourceDate "2006.11.23"]
[SourceVersion "1"]
[SourceVersionDate "2006.11.23"]
[SourceQuality "1"]
[WhiteTeam "Kobylisy"]
[BlackTeam "Synthesia II"]
[WhiteTeamCountry "CZE"]
[BlackTeamCountry "CZE"]

1. e4 c5 2. Nf3 Nc6 3. d4 cxd4 4. Nxd4 e5 5. Nb5 a6 6. Nd6+ Bxd6 7. Qxd6 Qf6 8. Qd1 Nge7 9. Nc3 0-0 10. Bc4 b5 11. Bb3 b4 12. Nd5 Qg6 13. 0-0 d6 14. a3 Bh3 15. Qf3 Nxd5 16. Bxd5 Bg4 17. Qd3 Nd4 18. f3 Bd7 19. axb4 Bb5 20. c4 Bc6 21. Bxc6 Nxc6 22. Bd2 Rfb8 23. Ra3 Ra7 24. Rfa1 Rab7 25. Rxa6 Nxb4 26. Bxb4 Rxb4 27. Rxd6 Qg5 28. Rd1 h6 29. Rd8+ Rxd8 30. Qxd8+ Qxd8 31. Rxd8+ Kh7 32. Rd2 Rxc4 33. b3 Rc1+ 34. Kf2 Rb1 35. Rd7 Kg6 36. Rb7 Rb2+ 37. Kg3 Kf6 38. Rb6+ Ke7 39. Rb5 Ke6 40. Rb6+ Ke7 41. h4 h5 42. Kh3 Rb1 43. Rb7+ Ke6 44. Rb6+ Ke7 45. g3 Rb2 46. Rb5 Ke6 47. Rb6+ Ke7 48. g4 hxg4+ 49. fxg4 Re2 50. Rb4 Kd6 51. h5 Re1 52. Kh4 f6 53. Rb7 Rxe4 54. Rxg7 Re1 55. Rb7 e4 56. Kg3 Ke5 57. h6 Rg1+ 58. Kh3 Rh1+ 59. Kg3 Rxh6 60. Re7+ Kd5 61. b4 Rh1 62. Rd7+ Ke5 63. Re7+ Kd4 64. Re6 Rf1 65. b5 Kd5 66. Re8 Rf3+ 67. Kg2 Rb3 68. Rb8 Ke5 69. b6 Kf4 70. b7 Rb2+ 71. Kg1 Kg3 72. Kf1 Kf3 73. Kg1 e3 74. Rf8 e2 75. Rxf6+ Kg3 0-1